|
|
|
|
| LEADER |
00000nam0a2200000 4500 |
| 001 |
304004 |
| 005 |
20231102001646.0 |
| 035 |
|
|
|a (RuTPU)RU\TPU\book\329239
|
| 090 |
|
|
|a 304004
|
| 100 |
|
|
|a 20150909d2008 k y0rusy50 ca
|
| 101 |
0 |
|
|a rus
|
| 102 |
|
|
|a RU
|
| 105 |
|
|
|a a z 001zy
|
| 200 |
1 |
|
|a Безопасность аммиачной селитры и ее применение в промышленных взрывчатых веществах
|e монография
|f Ю. М. Михайлов, Е. В. Колганов, В. А. Соснин
|
| 210 |
|
|
|a Дзержинск
|c Партнер-плюс
|d 2008
|
| 215 |
|
|
|a 298 с.
|c ил.
|
| 320 |
|
|
|a Библиогр.: с. 289-298.
|
| 330 |
|
|
|a В монографии представлены результаты исследований физико-химических, пожароопасных и взрывчатых свойств различных сортов аммиачной селитры, освещены вопросы производства и аварий при ее изготовлении, хранении и применении, приведены данные по составам аммиачно-селитренных промышленных взрывчатых веществ и изложены Правила по безопасному транспортированию, хранению и использованию аммиачной селитры и продуктов на ее основе.Книга предназначена для инженерно-технических работников производства аммиачной селитры и промышленных взрывчатых веществ, работников горнорудной промышленности, занимающихся взрывным делом, а также для студентов и преподавателей учебных заведений.
|
| 606 |
1 |
|
|a Селитра аммиачная
|2 stltpush
|3 (RuTPU)RU\TPU\subj\74854
|9 86823
|
| 610 |
1 |
|
|a физико-химические свойства
|
| 610 |
1 |
|
|a взрывчатые свойства
|
| 610 |
1 |
|
|a производственные аварии
|
| 610 |
1 |
|
|a причины
|
| 610 |
1 |
|
|a производство
|
| 610 |
1 |
|
|a качество
|
| 610 |
1 |
|
|a промышленные взрывчатые вещества
|
| 610 |
1 |
|
|a состав
|
| 610 |
1 |
|
|a аммиачно-селитренные вещества
|
| 610 |
1 |
|
|a применение
|
| 610 |
1 |
|
|a монографии
|
| 675 |
|
|
|a 661.525
|v 4
|
| 700 |
|
1 |
|a Михайлов
|b Ю. М.
|g Юрий Михайлович
|
| 701 |
|
1 |
|a Колганов
|b Е. В.
|g Евгений Васильевич
|
| 701 |
|
1 |
|a Соснин
|b В. А.
|g Вячеслав Александрович
|
| 801 |
|
1 |
|a RU
|b 63413507
|c 20150909
|
| 801 |
|
2 |
|a RU
|b 63413507
|c 20151207
|g RCR
|
| 900 |
|
|
|a Взрывные работы
|
| 942 |
|
|
|c BK
|
| 959 |
|
|
|a 106/20150901
|d 1
|e 4700,00
|f ЧЗТЛ:1
|